00422nam a2200169 a 450000100060000000300090000600800410001502000180005604000280007408200180010210000220012024500310014226000270017330000100020065000190021065000230022924184CO-ViMGA141112s2004 ck r 000 u spa d a9789587045444 aCO-ViMGAbspacCO-ViMGA04aCo863.6 E764a1 aEspinosa , German10aAitana / cGerman Espinosa aColombia : bAlfaguara a404p.14aNOVELA AMOROSA14aNOVELA COLOMBIANA